000
00236nam a22001217a 4500
999
_c
533421
_d
533421
003
NUST
038
_a
MSOHAIL
082
_a
813.52
100
_a
Ayn Rand
_9
27295
245
_a
The Fountain Head
300
_a
704;p;xv
942
_2
ddc
_c
BK